000 01243nam a22002777a 4500
003 AR-RoUNCS
005 20251219103942.0
008 251219t2018 ag |||||r|||| 00| pdspa d
020 _a978-987-702-259-9
040 _aAR-RoUNCS
_cAR-RoUNCS
080 _082-1(729)
100 1 _aSenior, Olive,
_eautor
245 1 _aShell :
_b= El libro de los caracoles /
_cOlive Senior ; traducción, introducción y notas de agustina casero y Carolina Rosa.
246 1 3 _aEl libro de los caracoles
260 _aRosario :
_bUNR Editora,
_c2018.
300 _a186 p. ;
_c18 cm.
490 0 _aPolifonía de mujeres ;
_v3
500 _aColección dirigida por Darío Maiorana.
520 3 _aSistemáticamente, las víctimas del sistema brutal de la esclavitud fueron silenciadas. La operación subversiva de la obra de Senior consiste en recuperar esas voces perdidas, reconstruyendo un lenguaje fragmentado y en gran medida desconocido. Aquí convive el trabajo de reconstrucción histórica y de invención poética y simbólica.
546 _aEn español e italiano.
650 7 _2embne
_aLiteratura jamaiquina
655 7 _2embne
_aPoesías
700 1 _aCasero, Agustina
_etraductor
700 1 _aRosa, Carolina
_etraductor
942 _2udc
_cLPD
_n0
999 _c861
_d861